000 00965nam a22003137a 4500
001 0046772
003 KOHA_MİRAKIL
005 20260207003531.0
007 ta
008 141127b1992 tu |||gr||||#||||0|tur |
040 _aTR-BiSEU
_btur
_cTR-BiSEU
_erda
041 0 _atur
044 _ctu
050 _aDS59.K86
_bO5 1992
100 0 _aHalfin.
245 1 _aXIX. yüzyılda Kürdistan üzerinde mücadeleler/
_cHalfin ; Halfin.
250 _a2. basım.
264 1 _aİstanbul :
_bKomal Basım-Yayım-Dağıtım
_c1992
300 _a116 sayfa; 21 cm.
336 _ametin
_btxt
_2rdacontent
337 _aaracısız
_bn
_2rdamedia
338 _acilt
_bnc
_2rdacarrier
490 0 _aAraştırma dizisi Tarih dizisi
500 _aKaynakça var.
505 _aKurds; civil right; politics and government; Kurdistan.
650 0 _aKurdistan--History--19th century.
_986295
830 0 _aAraştırma dizisi Tarih dizisi
_986296
942 _2lcc
_cBK
999 _c46738
_d46738